Statistiques concernant Distribution par images - Bienvenue chez les Ch'tis

Cliquez ici pour prendre le quiz!

Statistiques générales

  • Ce quiz a été pris 38 fois
  • Le résultat moyen est 6 sur 9

Statistiques - réponses

Réponse% Correct
Dany Boon
100%
Kad Merad
94%
Line Renaud
78%
Michel Galabru
75%
Jérôme Commandeur
72%
Zoé Félix
44%
Anne Marivin
39%
Guy Lecluyse
28%
Philippe Duquesne
19%

Distribution des résultats

Percentile par nombre de réponses

% des personnes avec chaque résultat

Votre développement - résultats

Vous n’avez pas pris ce quiz